Statistics for Islands of the Galápagos

Click here to take the quiz!

General Stats

  • This quiz has been taken 3,781 times
  • The average score is 8 of 14

Answers on the Map

Answers color-coded by a green-red scale on the quiz's map according to % correct below.
 

Answer Stats

km2Island% Correct
4640Isabela
83%
986Santa Cruz
74%
173Floreana
65%
558San Cristóbal
64%
585Santiago
62%
642Fernandina
60%
60Española
58%
60Pinta
57%
24Santa Fe
57%
21Baltra
55%
14Genovesa
52%
130Marchena
51%
18Pinzón
51%
4.9Rábida
51%

Score Distribution

Percentile by Number Answered

Percent of People with Each Score

Your Score History

You have not taken this quiz